Flags with Circles on Them - Statistics

General Stats
  • This quiz has been taken 2,779 times
    2,750 since last reset
  • The average score is 10 of 24
Answer Stats
Answer % Correct
Japan
94%
Bangladesh
86%
Palau
69%
Brazil
62%
India
62%
South Korea
61%
Laos
57%
Argentina
49%
North Korea
46%
Niger
45%
Uruguay
40%
Tunisia
35%
Mongolia
34%
Belize
33%
Portugal
33%
Kazakhstan
30%
Kyrgyzstan
29%
Macedonia
24%
Taiwan
24%
Dominica
23%
Uganda
18%
Grenada
16%
Rwanda
16%
Namibia
14%
No matching quizzes found
Score Distribution
Percent of People with Each Score
Percentile by Number Answered
Your Score History
You have not taken this quiz since the last reset